Clinical dermatovenerology

Bibliographic Details
Main Author: Minariková, Eva, 1961- (Author)
Format: Book
Language:English
PhysicalDescription:93 s. fotogr., ilustr. 29 cm
Published: Bratislava Comenius University 2011
ISBN:9788022329583
Edition:1. vyd.
Subjects:

MARC

LEADER 00000cam a2200000 a 4500
001 vtls010276646
003 SK-MaSNL
005 20260301031729.0
008 240318s2011 xo oa p 000 0 eng
015 |a SNBA2011/06-03569 
020 |a 9788022329583  |q (brož.) 
035 |a 9DD419AF-6ACE-4CE6-9429-50758ACC9BE9 
035 |a urn:nbn:sk:snk-amjxej 
035 |a urn:nbn:sk:snk-am007zpk 
040 |a SNK  |b slo  |c SNK  |e AACR2 
041 0 |a eng 
044 |a xo  |c SK 
072 7 |a 616  |x Patológia. Klinická medicína  |2 konspekt 
072 7 |a 37.016  |x Učebné osnovy. Vyučovacie predmety. Učebnice  |2 konspekt 
080 |a 616.5+616.97  |2 2001 
080 |a (075.8)  |2 2001 
100 1 |a Minariková, Eva,  |d 1961-  |4 aut  |9 192922 
245 1 0 |a Clinical dermatovenerology  |c Eva Minariková 
250 |a 1. vyd. 
260 |a Bratislava  |b Comenius University  |c 2011 
300 |a 93 s.  |b fotogr., ilustr.  |c 29 cm 
366 |e 100 výt. 
504 |a Bibliogr. s. 93 
650 0 7 |a dermatovenerológia  |2 SNKPH  |9 2445 
650 0 7 |a Dermatovenerology  |2 SNKPHeng  |9 265477 
655 7 |a učebnice vysokých škôl  |2 SNKPH  |9 70191 
655 7 |a Textbooks (higher)  |2 SNKPHeng  |9 276436 
852 |a Štátna vedecká knižnica v Banskej Bystrici 
919 |a 978-80-223-2958-3 
958 |a OND 
958 |a NB 
958 |a MI 
968 |d 61 
999 |c 577219  |d 579149 
952 |a SNK  |b SNK  |y PREZ  |7 0  |p 17A0702357  |o snkSB 81429  |i snk2011/10551  |8 0  |0 0  |1 0  |4 0  |d 2011-05-09  |f 1  |l 0  |r 2025-05-05 00:00:00  |w 2026-02-23 
952 |a SNK  |b SNK  |y VYP  |7 0  |p 17A0702358  |o snkSB 81429 D1  |i snk2011/10552  |8 0  |0 0  |1 0  |4 0  |d 2011-05-09  |l 0  |r 2016-06-30 00:00:00  |w 2026-02-23